Statistics for States Bordering Tennessee

Click here to take the quiz!

General Stats

  • This quiz has been taken 9 times
  • The average score is 7 of 8

Answer Stats

Answer% Correct
Georgia
100%
Kentucky
100%
Mississippi
100%
Alabama
89%
Missouri
89%
North Carolina
89%
Arkansas
78%
Virginia
78%

Score Distribution

Percentile by Number Answered

Percent of People with Each Score

Your Score History

You have not taken this quiz